Censorship in imperial Japan

Tallennettuna:
Bibliografiset tiedot
Päätekijä: Mitchell, Richard H.
Aineistotyyppi: Kirja
Kieli:Undetermined
Julkaistu: Princeton, N.J. Princeton University Press 1983
Aiheet:
Tagit: Lisää tagi
Ei tageja, Lisää ensimmäinen tagi!
Thư viện lưu trữ: Trung tâm Học liệu Trường Đại học Cần Thơ
LEADER 00543nam a2200205Ia 4500
001 CTU_110134
008 210402s9999 xx 000 0 und d
082 |a 363.310952 
082 |b M681 
100 |a Mitchell, Richard H. 
245 0 |a Censorship in imperial Japan 
245 0 |c Richard H. Mitchell 
260 |a Princeton, N.J. 
260 |b Princeton University Press 
260 |c 1983 
650 |a Censorship 
650 |x History 
650 |z Japan 
904 |i M.Loan 
980 |a Trung tâm Học liệu Trường Đại học Cần Thơ